[Event "Titled Tue 24th Jun Late"]
[Site "chess.com INT"]
[Date "2025.06.24"]
[Round "4"]
[White "Fiorito, Fabian"]
[Black "Kobalia, Mikhail"]
[Result "1-0"]
[WhiteTitle "IM"]
[BlackTitle "GM"]
[WhiteElo "2274"]
[BlackElo "2538"]
[WhiteFideId "100200"]
[BlackFideId "4119150"]
[EventDate "2025.06.24"]

1. d4 g6 2. e4 Bg7 3. Nf3 d6 4. Bc4 e6 5. Bb3 a6 6. O-O Ne7 7. c3 Nd7 8. Re1 b6
9. Nbd2 Bb7 10. Nf1 h6 11. Ng3 O-O 12. a4 Kh7 13. Bc2 e5 14. dxe5 dxe5 15. Be3
Bc6 16. Qe2 Qc8 17. Red1 Re8 18. Qc4 Kg8 19. Bb3 Rf8 20. Rd2 Qb7 21. Rad1 Rad8
22. Qb4 Nc8 23. Bd5 Nd6 24. Qb3 a5 25. h4 Bxd5 26. Qxd5 Qxd5 27. Rxd5 Rfe8 28.
b3 Re6 29. h5 Rde8 30. hxg6 fxg6 31. Kf1 Nf6 32. Nd2 Nxd5 33. exd5 R6e7 34. Nde4
Nf5 35. Ke2 Rd7 36. c4 Nd4+ 37. Bxd4 exd4 38. Kd3 Rf7 39. f3 Kh7 40. Rc1 Rd7 41.
Rh1 Kg8 42. Rc1 Rf8 43. Rh1 Rf4 44. Rc1 Rh4 45. Rg1 Rh2 46. Ne2 Rf7 47. Nxd4
Bxd4 48. Kxd4 g5 49. c5 Rf5 50. cxb6 cxb6 51. d6 Kf7 52. Rc1 Ke6 53. Rc7 Rd5+
54. Ke3 Rxg2 55. Re7+ Kf5 56. d7 Rg1 57. Rf7+ Kg6 58. Re7 Rgd1 59. Nc3 R5d3+ 60.
Ke4 1-0

[Event "Titled Tue 24th Jun Late"]
[Site "chess.com INT"]
[Date "2025.06.24"]
[Round "4"]
[White "Craciun, Sasha-Matei"]
[Black "Rustemov, Alexander"]
[Result "1-0"]
[WhiteTitle "FM"]
[BlackTitle "GM"]
[WhiteElo "2320"]
[BlackElo "2525"]
[WhiteFideId "1281186"]
[BlackFideId "4119002"]
[EventDate "2025.06.24"]

1. e4 e6 2. d4 d5 3. Nc3 dxe4 4. Nxe4 Bd7 5. Nf3 Bc6 6. Bd3 Nd7 7. O-O Ngf6 8.
Ng3 Be7 9. Qe2 Bxf3 10. Qxf3 c6 11. c3 O-O 12. Re1 Re8 13. Bf4 Nd5 14. Bd2 Bg5
15. Qh5 h6 16. Bxg5 Qxg5 17. Qxg5 hxg5 18. Ne4 g4 19. Nd6 Reb8 20. a4 N5f6 21.
Kf1 b6 22. Re2 c5 23. dxc5 Nxc5 24. Bc2 Rd8 25. Nb5 a6 26. Nd4 Rac8 27. Nb3 Nxb3
28. Bxb3 a5 29. Rd1 Rxd1+ 30. Bxd1 Rd8 31. Ke1 Rd5 32. Rd2 Rh5 33. Rd6 Rxh2 34.
Rxb6 Rxg2 35. b4 Rg1+ 36. Ke2 Nd5 37. Rb8+ Kh7 38. Bc2+ g6 39. bxa5 g3 40. fxg3
Rg2+ 41. Kd3 Rxg3+ 42. Kd4 Rxc3 43. Be4 Rc7 44. Bxd5 Rd7 45. Rb5 exd5 46. Rxd5
Ra7 47. Kc4 f5 48. Kb5 f4 49. Kb6 Rf7 50. a6 f3 51. a7 Rf6+ 52. Ka5 Rf8 53. Rd7+
Kh6 54. Rf7 Rxf7 55. a8=Q f2 56. Qh1+ Kg7 57. Qf1 g5 58. Kb6 g4 59. a5 g3 60. a6
Kh6 61. Qh3+ Kg7 62. Qxg3+ Kf8 63. Qa3+ Kg8 64. a7 f1=Q 65. a8=Q+ Kg7 66. Qg3+ 1-0

[Event "Titled Tue 24th Jun Late"]
[Site "chess.com INT"]
[Date "2025.06.24"]
[Round "4"]
[White "Yao, Hanchi"]
[Black "Gelman, Alexander"]
[Result "1/2-1/2"]
[BlackTitle "IM"]
[WhiteElo "2129"]
[BlackElo "2403"]
[WhiteFideId "30957397"]
[BlackFideId "4118316"]
[EventDate "2025.06.24"]

1. d4 Nf6 2. c4 c5 3. d5 b5 4. e3 bxc4 5. Bxc4 d6 6. Nf3 g6 7. O-O Bg7 8. Nc3
O-O 9. e4 Nbd7 10. a4 Ng4 11. Nd2 Nge5 12. Be2 g5 13. Nc4 Nxc4 14. Bxc4 Ne5 15.
Bb5 g4 16. Bf4 a6 17. Be2 h5 18. Qd2 Rb8 19. Bh6 f6 20. Bxg7 Kxg7 21. f4 gxf3
22. gxf3 Bh3 23. Rf2 Qb6 24. Bf1 Bxf1 25. Kxf1 c4 26. Rg2+ Kf7 27. Qh6 Ke8 28.
Qxh5+ Kd8 29. Qh6 Kd7 30. Qd2 Nxf3 31. Qf2 Ne5 32. Qf5+ Kc7 33. Rg7 Qxb2 34.
Rxe7+ Kd8 35. Rb1 Qxb1+ 36. Nxb1 Rxb1+ 37. Ke2 Rb2+ 38. Kd1 Kxe7 39. Qh7+ Rf7
40. Qf5 Kf8 41. h4 Nd3 42. Qc8+ Kg7 43. Qxc4 Nf2+ 44. Ke1 Rfb7 45. Qxa6 Nxe4 46.
Qd3 Nc5 47. Qg3+ Kf7 48. Qxd6 Rb1+ 49. Ke2 R7b2+ 50. Ke3 Rb3+ 51. Ke2 R1b2+ 52.
Kd1 Nd3 53. Qd7+ Kg6 54. Qg4+ Kh6 55. Qd4 Nf2+ 56. Ke1 Nd3+ 57. Kd1 Ne5 58. Qf4+
Kg6 59. h5+ Kxh5 60. Qf5+ Kh4 61. Qxf6+ Kg4 62. Qxe5 Kf3 63. Qf5+ Ke3 64. Qe5+
Kd3 65. Qf5+ Kc3 66. Qe5+ Kc4 67. Qe4+ Kc5 68. a5 Ra2 69. Qe7+ Kc4 70. Qe4+ Kc3
71. Qe3+ Kc4 72. Qe4+ Kc3 73. Qe3+ Kc4 74. Qe4+ 1/2-1/2

[Event "Titled Tue 24th Jun Late"]
[Site "chess.com INT"]
[Date "2025.06.24"]
[Round "4"]
[White "Zhou, Abigail"]
[Black "Khoo-Thwe, Louis"]
[Result "0-1"]
[WhiteTitle "WCM"]
[BlackTitle "CM"]
[WhiteElo "1780"]
[BlackElo "2214"]
[WhiteFideId "39922081"]
[BlackFideId "1538756"]
[EventDate "2025.06.24"]

1. e4 e5 2. Nf3 Nc6 3. Bc4 Bc5 4. c3 Nf6 5. d3 a6 6. O-O Ba7 7. Nbd2 d6 8. Re1
Na5 9. Bb3 Nxb3 10. axb3 O-O 11. Nf1 Re8 12. Ng3 c6 13. Bg5 h6 14. Bh4 Bg4 15.
h3 Bxf3 16. Qxf3 g5 17. Nf5 gxh4 18. Nxh6+ Kf8 19. Nf5 Qd7 20. Nxh4 Re6 21. Nf5
Ng8 22. Qh5 Rg6 23. Kh1 Re8 24. d4 exd4 25. cxd4 Ree6 26. f4 d5 27. e5 Nh6 28.
Nd6 f5 29. Nxf5 Nxf5 30. Qxf5+ Ke8 31. Qd3 Rg8 32. f5 Rh6 33. f6 Qe6 34. Rf1 Kf7
35. Rf3 Rhg6 36. Rg1 Rh8 37. Kh2 Rgh6 38. Kh1 Bb8 39. Kh2 c5 40. Kh1 cxd4 41.
Qxd4 Qxe5 42. Qxe5 Bxe5 43. Rf5 Bxf6 44. Rxd5 Ke6 45. Rgd1 R6h7 46. Rd6+ Kf5 47.
R6d5+ Kg6 48. Rd6 Rf7 49. R6d5 Kg7 50. Rd6 Re8 51. R6d5 Re5 52. Rd6 Ree7 53.
R6d5 Bxb2 54. Rd6 Bf6 55. R6d5 Be5 56. Rd6 Bxd6 57. Rd2 Rd7 58. Rd1 Bb4 59. Rc1
Rc7 60. Rb1 Rc2 61. Ra1 Rff2 62. Rg1 Rfd2 63. Rf1 Bc5 64. Rg1 Bxg1 65. h4 Rxg2
66. h5 Be3 67. h6+ Kxh6 68. b4 Rg1# 0-1

[Event "Titled Tue 24th Jun Late"]
[Site "chess.com INT"]
[Date "2025.06.24"]
[Round "4"]
[White "Soza de la Carrera, Jose"]
[Black "Rosen, Eric"]
[Result "0-1"]
[WhiteTitle "CM"]
[BlackTitle "IM"]
[WhiteElo "2221"]
[BlackElo "2377"]
[WhiteFideId "3401278"]
[BlackFideId "2032562"]
[EventDate "2025.06.24"]

1. d4 e6 2. c4 f5 3. Nf3 Nf6 4. g3 d5 5. Bg2 c6 6. O-O Bd6 7. b3 Qe7 8. Bb2 O-O
9. Nbd2 Bd7 10. Ne5 Be8 11. Ndf3 Bh5 12. Nd3 Nbd7 13. Nfe5 a5 14. Qc2 g5 15. e3
Qg7 16. f3 Bg6 17. f4 h6 18. Nxd7 Qxd7 19. a3 Ne4 20. Rfe1 Qg7 21. b4 Kh7 22. c5
Bc7 23. Bc3 Bh5 24. Rab1 Rg8 25. bxa5 Nxc3 26. Qxc3 Bxa5 27. Nb4 Ra7 28. Rb3
Rga8 29. Qb2 Kh8 30. Rb1 gxf4 31. exf4 Bxb4 32. Rxb4 Rxa3 33. Rxb7 Ra2 34. Rxg7
Rxb2 35. Rxb2 Kxg7 36. Rb4 Ra1+ 37. Kf2 Ra2+ 38. Kg1 Kf6 39. h3 Be2 40. Rb8 Bb5
41. Rf8+ Kg7 42. Re8 Kf7 43. Rh8 Kg7 44. Re8 Kf6 45. Rf8+ Kg6 46. Rg8+ Kh7 47.
Re8 Re2 48. Bf3 Rd2 49. Rxe6 Rxd4 50. Bh5 Rc4 51. Re7+ Kg8 52. Rf7 Rxc5 53. Rxf5
Rc2 54. Rf6 Kg7 55. Rg6+ Kh7 56. Rf6 Kg7 57. Rg6+ Kh7 58. Rd6 Rc3 59. Kf2 Rc2+
60. Ke3 Rc3+ 0-1

[Event "Titled Tue 24th Jun Late"]
[Site "chess.com INT"]
[Date "2025.06.24"]
[Round "4"]
[White "Carlsen, Magnus"]
[Black "Vakhidov, Jakhongir"]
[Result "0-1"]
[WhiteTitle "GM"]
[BlackTitle "GM"]
[WhiteElo "2837"]
[BlackElo "2539"]
[WhiteFideId "1503014"]
[BlackFideId "14201801"]
[EventDate "2025.06.24"]

1. c4 Nf6 2. Nc3 e5 3. g3 Nc6 4. Bg2 Bc5 5. a3 a6 6. e3 d6 7. Nge2 Ba7 8. d3 h5
9. h3 Ne7 10. b4 Rb8 11. Bb2 b5 12. Rc1 O-O 13. O-O Ng6 14. cxb5 axb5 15. Kh2
Be6 16. Ne4 Nxe4 17. dxe4 Bc4 18. Qc2 Bb6 19. Rfd1 Qf6 20. Nc3 c6 21. a4 Qe6 22.
axb5 Bb3 23. Qe2 Bxd1 24. Rxd1 cxb5 25. Nxb5 h4 26. g4 Rfd8 27. Bf1 d5 28. exd5
Rxd5 29. Rxd5 Qxd5 30. Nc3 Qb3 31. b5 Rc8 32. Bg2 Rxc3 33. Bxc3 Qxc3 34. Be4 Ne7
35. Kg2 Qb4 36. Qd3 g6 37. Kf3 Kg7 38. Qd7 Qc5 39. g5 Qc7 40. Qd3 Qd8 41. Qxd8
Bxd8 42. Kg4 Nc8 43. Kxh4 Nd6 44. Bd3 e4 45. Bc2 Nxb5 46. Bxe4 Nc3 47. Bf3 Na4
48. Kg4 Nc5 49. h4 Nd3 50. Kg3 Bc7+ 51. Kh3 Nxf2+ 52. Kg2 Nd3 53. Bd5 Bb6 54.
Kf3 Ne5+ 55. Kf4 Nd3+ 56. Kf3 Ne1+ 57. Ke2 Nc2 58. e4 Nd4+ 59. Kd3 Nf3 0-1

[Event "Titled Tue 24th Jun Late"]
[Site "chess.com INT"]
[Date "2025.06.24"]
[Round "4"]
[White "Mei, Austin"]
[Black "Anakok, Deniz"]
[Result "1/2-1/2"]
[WhiteTitle "FM"]
[BlackTitle "CM"]
[WhiteElo "2280"]
[BlackElo "2058"]
[WhiteFideId "30948479"]
[BlackFideId "51603586"]
[EventDate "2025.06.24"]

1. e4 c5 2. Nf3 e6 3. d4 cxd4 4. Nxd4 Nf6 5. Nc3 Nc6 6. a3 Be7 7. Be3 O-O 8. Be2
d6 9. O-O a6 10. f4 Qc7 11. Bf3 Nxd4 12. Bxd4 e5 13. Be3 exf4 14. Bxf4 Qb6+ 15.
Kh1 Be6 16. Qd2 Rac8 17. Rab1 Rfd8 18. Nd5 Bxd5 19. exd5 Nd7 20. Be3 Qc7 21.
Rbc1 Bf6 22. c4 a5 23. Bg4 Ra8 24. Rf2 Ne5 25. Be2 Rac8 26. b3 Qe7 27. a4 Re8
28. Bd4 Ra8 29. Rcf1 Nd7 30. Bd1 Bxd4 31. Qxd4 f6 32. Bc2 Qe5 33. Qd3 g6 34. g3
Nc5 35. Qf3 f5 36. g4 fxg4 37. Qf7+ Kh8 38. Rf6 Rf8 39. Qxf8+ Rxf8 40. Rxf8+ Kg7
41. R8f7+ Kh6 42. R7f4 Qe2 43. Bd1 Qe3 44. Rxg4 Nd3 45. Rg3 Nf2+ 46. Kg2 Nxd1
47. Rxe3 Nxe3+ 48. Kf2 Nxf1 49. Kxf1 Kg5 50. Kf2 Kf4 51. c5 Ke5 52. c6 bxc6 53.
dxc6 Ke6 54. b4 axb4 55. a5 b3 56. a6 b2 57. a7 b1=Q 58. a8=Q Qf5+ 59. Kg2 Qe4+
60. Kf2 Qf4+ 61. Ke2 Qxh2+ 62. Kd3 Qg3+ 63. Kc4 Qf4+ 64. Kb5 Qe5+ 65. Kb6 Qb2+
66. Kc7 Qg7+ 67. Kb6 Qb2+ 68. Kc7 Qg7+ 69. Kb6 Qb2+ 1/2-1/2

[Event "Titled Tue 24th Jun Late"]
[Site "chess.com INT"]
[Date "2025.06.24"]
[Round "4"]
[White "Swara Lakshmi S Nair"]
[Black "Jammalamadaka, Vihaan"]
[Result "0-1"]
[WhiteTitle "WCM"]
[BlackTitle "CM"]
[WhiteElo "2187"]
[BlackElo "2018"]
[WhiteFideId "25629239"]
[BlackFideId "30977134"]
[EventDate "2025.06.24"]

1. e4 d5 2. exd5 Qxd5 3. Nf3 Bg4 4. d4 Nc6 5. Be2 O-O-O 6. Be3 e5 7. Nc3 Bb4 8.
O-O Bxc3 9. bxc3 Nf6 10. Rb1 exd4 11. cxd4 Ne4 12. c4 Qf5 13. Qb3 b6 14. d5 Ne5
15. Nxe5 Bxe2 16. Rfe1 Qxe5 17. Rxe2 Rhe8 18. Qb5 Nd6 19. Qa6+ Kb8 20. c5 Nb7
21. c6 Nd6 22. Bxb6 cxb6 23. Rxe5 Rxe5 24. Qd3 Kc7 25. f4 Re4 26. Rb2 f5 27. g3
Rde8 28. Rc2 Re1+ 29. Kf2 Rh1 30. Kg2 Rhe1 31. Kf2 Ra1 32. Re2 Ne4+ 33. Kg2 Kd6
34. Qa3+ Kxd5 35. c7 Rc8 36. Qe7 Rc1 37. Qd8+ Nd6 38. Rd2+ Kc6 39. Rxd6+ Kb7 40.
Qxc8+ Kxc8 41. Rd8+ Kxc7 42. Rf8 Rc2+ 43. Kh3 Kb7 44. Rf7+ Rc7 45. Rxf5 a5 46.
Re5 Ka6 47. f5 Rf7 48. g4 b5 49. Re6+ Kb7 50. Re5 Kc6 51. Re6+ Kc5 52. Re5+ Kb4
53. g5 Ka4 54. Kg4 b4 55. g6 hxg6 56. fxg6 Rf2 57. Kg5 Rxh2 58. Re7 Rxa2 59.
Rxg7 Rg2+ 60. Kf6 Rf2+ 61. Ke6 b3 62. Rb7 b2 63. g7 Rg2 64. Kf7 Ka3 0-1

[Event "Titled Tue 24th Jun Late"]
[Site "chess.com INT"]
[Date "2025.06.24"]
[Round "4"]
[White "Plat, Vojtech"]
[Black "Roberson, Peter T"]
[Result "1-0"]
[WhiteTitle "GM"]
[BlackTitle "IM"]
[WhiteElo "2497"]
[BlackElo "2433"]
[WhiteFideId "325740"]
[BlackFideId "412384"]
[EventDate "2025.06.24"]

1. e4 e6 2. d4 d5 3. Nd2 Be7 4. Bd3 c5 5. exd5 exd5 6. dxc5 Bxc5 7. Nb3 Bb6 8.
Nf3 Nf6 9. O-O O-O 10. Bg5 h6 11. Bh4 Nc6 12. c3 Bg4 13. h3 Bh5 14. Be2 Re8 15.
Nfd4 Bxe2 16. Nxe2 Qd6 17. Bg3 Qe7 18. Nf4 Rad8 19. Qf3 Ne4 20. Kh2 Nxg3 21.
fxg3 d4 22. Nd5 Qd7 23. Nxb6 axb6 24. cxd4 Nxd4 25. Nxd4 Qxd4 26. Qxf7+ Kh8 27.
Qxb7 Qxb2 28. a4 Rd2 29. Rab1 Qa2 30. Rxb6 Rxg2+ 31. Qxg2 Re2 32. Rg1 Rxg2+ 33.
Rxg2 Qxa4 34. Rf2 Kh7 35. Rb8 h5 36. h4 Qd4 37. Rbf8 Qe3 38. R8f3 Qe4 39. Rf5 g6
40. Rf8 Qd4 41. R8f4 Qe5 42. R4f3 Qd4 43. Re2 Kh6 44. Rfe3 Qd5 45. Re6 Qc4 46.
Re8 Qd4 47. R8e5 Qc4 48. R5e4 Qd3 49. R4e3 Qd4 50. Rf3 Qc4 51. Re8 Qc2+ 52. Kh3
Qb2 53. Rff8 Qa1 54. Kg2 Qb2+ 55. Rf2 Qb7+ 56. Kh2 Qg7 57. Re6 Qc3 58. Rff6 Qc2+
59. Kg1 Qb1+ 60. Kg2 Qc2+ 61. Kh3 Kh7 62. Re7+ Kh6 63. Ref7 Qb1 64. Rf1 Qe4 65.
Rf8 Qg4+ 66. Kh2 Qd4 67. R1f2 Qc5 68. Kg2 Qd5+ 69. R8f3 Qd4 70. Re2 Qd5 71. Kf2
Qd4+ 72. Rfe3 Qd5 73. Re4 Qf5+ 74. Kg2 Qd5 75. Kh2 Qd3 76. Re5 Qd4 77. Re7 Qd5
78. Rc7 g5 79. Rec2 gxh4 80. R2c6+ Kg5 81. Rc5 hxg3+ 82. Kxg3 h4+ 83. Kh2 1-0

[Event "Titled Tue 24th Jun Late"]
[Site "chess.com INT"]
[Date "2025.06.24"]
[Round "4"]
[White "Kolimar, Kristof Pal"]
[Black "Mecit, Emre"]
[Result "1-0"]
[WhiteTitle "FM"]
[WhiteElo "2368"]
[BlackElo "2007"]
[WhiteFideId "798410"]
[BlackFideId "6304214"]
[EventDate "2025.06.24"]

1. e4 c5 2. Nf3 d6 3. d4 cxd4 4. Nxd4 Nf6 5. Nc3 g6 6. Be3 Bg7 7. f3 O-O 8. Qd2
Nc6 9. O-O-O d5 10. Qe1 e5 11. Nxc6 bxc6 12. exd5 Nxd5 13. Bc4 Be6 14. Ne4 Qc7
15. Bc5 Rfd8 16. Qh4 Nf4 17. Ng5 h6 18. Nxe6 Nxe6 19. Bxe6 fxe6 20. Qc4 Rd5 21.
Be3 Rad8 22. c3 Qd7 23. Qe2 Qd6 24. c4 Rd4 25. Bxd4 exd4 26. Rhe1 e5 27. Qd3 Rb8
28. Rd2 h5 29. Rc2 Kh7 30. Re4 c5 31. Kd1 Qf6 32. Ke2 Qg5 33. Kf2 Bh6 34. h4 Qf6
35. g3 Rf8 36. Kg2 Qf5 37. Rce2 Be3 38. R4xe3 dxe3 39. Qxf5 gxf5 40. Rxe3 Re8
41. Rd3 Kg6 42. Rd5 e4 43. fxe4 Rxe4 44. Rxc5 Re2+ 45. Kf3 Rxb2 46. Ra5 Rc2 47.
Ra6+ Kf7 48. Rxa7+ Ke6 49. Ra4 Ke5 50. Ra5+ Ke6 51. c5 Rc3+ 52. Kf4 Rc4+ 53. Kg5
Rg4+ 54. Kxh5 Rxg3 55. Ra4 Kd5 56. Rf4 Kxc5 57. Rxf5+ Kd6 58. Rg5 Ra3 59. Rg2
Ke6 60. Kg6 Ke7 61. h5 Ra8 62. Kg7 Ra4 63. h6 Ke6 64. h7 Ra7+ 65. Kg6 Ra8 66.
Re2+ Kd7 67. Rh2 Ra6+ 68. Kg7 1-0

[Event "Titled Tue 24th Jun Late"]
[Site "chess.com INT"]
[Date "2025.06.24"]
[Round "4"]
[White "Linares Orellana, Hector Jose"]
[Black "Bold, Andre"]
[Result "0-1"]
[WhiteTitle "FM"]
[BlackTitle "CM"]
[WhiteElo "2111"]
[BlackElo "2235"]
[WhiteFideId "7304307"]
[BlackFideId "16208471"]
[EventDate "2025.06.24"]

1. d4 Nf6 2. c4 Nc6 3. Nc3 e5 4. d5 Ne7 5. e4 Ng6 6. Bd3 a5 7. Nge2 Bc5 8. O-O
d6 9. h3 Bd7 10. Rb1 Qe7 11. a3 a4 12. Be3 b6 13. Bxc5 bxc5 14. f4 exf4 15. Nxf4
Nxf4 16. Rxf4 Qe5 17. Qd2 Nh5 18. Rf3 O-O 19. Rbf1 g6 20. Ne2 Rab8 21. Rb1 Rbe8
22. g4 Ng7 23. Kg2 h5 24. gxh5 Nxh5 25. Ng3 Nxg3 26. Rxg3 Kg7 27. Rf1 Re7 28.
Rf4 Rh8 29. Qf2 Qd4 30. Qxd4+ cxd4 31. Rgf3 Rb8 32. Rf2 Be8 33. Kg3 Re5 34. h4
Rb3 35. R4f3 Rh5 36. Rd2 Rh8 37. Be2 Rxf3+ 38. Bxf3 Bd7 39. Rxd4 Rb8 40. Rd2 Kf6
41. Bd1 Ke5 42. Kf3 Rh8 43. Bxa4 Bxa4 44. Kg4 Bd7+ 45. Kg3 Rb8 46. Rf2 f5 47.
exf5 Bxf5 48. b4 Be4 49. Rf7 Rb7 50. Kg4 Kd4 51. Kg5 Bd3 52. Rf4+ Kc3 53. c5 Ra7
54. Rf7 Rxa3 55. cxd6 cxd6 56. Rd7 Kd4 57. Rxd6 Rb3 58. h5 gxh5 59. Kxh5 Rxb4
60. Kg5 Ke5 61. Rd8 Rb7 62. d6 Bb5 63. Re8+ Kxd6 64. Re1 Bc4 65. Kf6 Bd5 66. Rd1
Rb2 67. Kf5 Rf2+ 68. Kg4 Ke5 69. Re1+ Be4 70. Kg3 Rg2+ 71. Kh3 Rg8 72. Kh4 Kf4
73. Rf1+ Bf3 74. Rg1 Rxg1 75. Kh3 Rh1# 0-1

[Event "Titled Tue 24th Jun Late"]
[Site "chess.com INT"]
[Date "2025.06.24"]
[Round "4"]
[White "Amaya, Brayan Angel"]
[Black "Yang, Larry"]
[Result "1-0"]
[WhiteElo "1903"]
[BlackElo "2017"]
[WhiteFideId "39909646"]
[BlackFideId "2637618"]
[EventDate "2025.06.24"]

1. d4 Nf6 2. Bg5 g6 3. Bxf6 exf6 4. g3 Bg7 5. Bg2 O-O 6. e3 f5 7. Ne2 d6 8. O-O
c5 9. c3 Nc6 10. Nd2 g5 11. Nb3 c4 12. Nd2 d5 13. b3 Be6 14. a4 cxb3 15. Nxb3 b6
16. a5 bxa5 17. Nc5 Rc8 18. Qa4 Re8 19. Rfb1 Bf8 20. Nb7 Qf6 21. Nxa5 Nxa5 22.
Qxa5 f4 23. gxf4 Bg4 24. fxg5 Qxg5 25. Ng3 Be6 26. Rc1 h5 27. h4 Qxh4 28. Bxd5
Bd6 29. Bxe6 Rxe6 30. Nf5 Rg6+ 31. Kf1 Qh3+ 32. Ke2 Qg4+ 33. Kd2 Qf3 34. Rf1 Bf8
35. Nh4 Qe4 36. Nxg6 fxg6 37. Qe5 Qc6 38. Rfc1 Bg7 39. d5 Qc4 40. Qe6+ Kh7 41.
Ra3 Rd8 42. Ra5 Qc7 43. Rb5 a6 44. Rbb1 Qc4 45. Ke1 Bxc3+ 46. Rxc3 Qxc3+ 47. Ke2
Qc2+ 48. Kf3 Qxb1 49. Qf7+ Kh6 50. Qf4+ Kg7 51. Qc7+ Kh6 52. Qxd8 Qf5+ 53. Kg2
Qe4+ 54. Kf1 Qd3+ 55. Ke1 Qb1+ 56. Ke2 Qb2+ 57. Kd3 Qxf2 58. Qh8+ Kg5 59. Qe5+
Kh6 60. d6 Qf1+ 61. Kd4 Qd1+ 62. Kc5 h4 63. Qd4 Qc2+ 64. Kb6 Qb2+ 65. Ka7 Qc2
66. Qh8+ Kg5 67. Qe5+ Kh6 68. d7 Qd2 69. Qf4+ Kg7 70. Qd4+ Qxd4+ 71. exd4 h3 72.
d8=Q h2 73. Qc7+ Kh6 74. Qxh2+ Kg7 75. Qg3 a5 76. Qe5+ Kh7 77. Qxa5 Kg7 78. Qe5+
Kh7 79. d5 Kh6 80. d6 Kh7 81. d7 Kg8 82. d8=Q+ Kh7 83. Qh4+ Kg8 84. Qhh8+ Kf7
85. Qhg7# 1-0

[Event "Titled Tue 24th Jun Late"]
[Site "chess.com INT"]
[Date "2025.06.24"]
[Round "4"]
[White "Shafer, Logan C"]
[Black "Brancaleoni, Maurizio"]
[Result "1/2-1/2"]
[WhiteTitle "CM"]
[BlackTitle "FM"]
[WhiteElo "2217"]
[BlackElo "2185"]
[WhiteFideId "30993342"]
[BlackFideId "803022"]
[EventDate "2025.06.24"]

1. d4 Nf6 2. c4 b6 3. f3 Nc6 4. e4 e5 5. d5 Nd4 6. Ne2 Bc5 7. Nxd4 Bxd4 8. Nc3
O-O 9. Ne2 Bc5 10. Ng3 d6 11. Bd3 Kh8 12. Qe2 Ng8 13. Be3 Ne7 14. Bxc5 bxc5 15.
b3 f5 16. exf5 Bxf5 17. Bxf5 Nxf5 18. Nxf5 Rxf5 19. O-O Rf4 20. Rae1 a5 21. Qd3
a4 22. Re4 Rxe4 23. fxe4 axb3 24. axb3 h6 25. Qf3 Qg5 26. Kh1 Ra3 27. h3 Kh7 28.
Kh2 Qg6 29. Rf2 Ra1 30. h4 Re1 31. Re2 Rxe2 32. Qxe2 h5 33. Qf3 Kh6 34. g3 Qg4
35. Kg2 Qxf3+ 36. Kxf3 Kg6 37. g4 Kh6 38. g5+ Kg6 39. Ke3 Kf7 40. Kd3 Ke7 41.
Kc3 Kd7 42. b4 Kc8 43. Kb3 Kb7 44. Ka4 Kb6 45. b5 Kb7 46. Ka5 Ka7 47. b6+ cxb6+
48. Kb5 Kb7 49. g6 Kc7 50. Ka6 b5 51. cxb5 Kb8 52. Ka5 Kb7 53. b6 c4 54. Kb4
Kxb6 55. Kxc4 Ka5 56. Kc3 Kb5 57. Kb3 Kc5 58. Ka4 Kd4 59. Kb5 Kxe4 60. Kc6 Kf5
61. Kxd6 e4 62. Kc6 e3 63. d6 e2 64. d7 e1=Q 65. d8=Q Qc3+ 66. Kb5 Qe5+ 67. Kc4
Qe4+ 68. Kc3 Qe5+ 69. Kd3 Kxg6 70. Qb6+ Qf6 71. Qg1+ Kf7 72. Ke4 Qg6+ 73. Qxg6+
Kxg6 74. Ke5 Kf7 75. Kf5 g6+ 76. Ke4 Ke6 77. Kf4 Kf6 78. Ke4 Ke6 79. Kf4 Kf7 80.
Ke4 Ke8 81. Kf4 Kf8 82. Ke4 Kf7 83. Ke5 Ke7 84. Ke4 Ke6 1/2-1/2

[Event "Titled Tue 24th Jun Late"]
[Site "chess.com INT"]
[Date "2025.06.24"]
[Round "4"]
[White "Chakrabarti, Brejesh"]
[Black "Kozionov, Kirill"]
[Result "0-1"]
[WhiteTitle "FM"]
[BlackTitle "IM"]
[WhiteElo "2282"]
[BlackElo "2442"]
[WhiteFideId "30969280"]
[BlackFideId "24101729"]
[EventDate "2025.06.24"]

1. c4 Nf6 2. g3 c5 3. Bg2 g6 4. Nc3 Bg7 5. Nf3 O-O 6. O-O d6 7. d4 cxd4 8. Nxd4
Nbd7 9. b3 a6 10. Bb2 Rb8 11. a4 Qc7 12. Qc2 b6 13. Rac1 Bb7 14. Rfd1 Bxg2 15.
Kxg2 Nc5 16. e4 Qb7 17. f3 Rbc8 18. b4 Ncd7 19. Qb3 Ne5 20. Nd5 Nxd5 21. cxd5 b5
22. axb5 axb5 23. Ba1 Nc4 24. Nc6 Bxa1 25. Rxa1 e5 26. Ra7 Qb6 27. Rda1 Kg7 28.
R1a6 Qe3 29. Qxe3 Nxe3+ 30. Kf2 Nc4 31. Rd7 Ra8 32. Raa7 Rxa7 33. Rxa7 h5 34. h4
Rc8 35. Ke2 Rh8 36. Rd7 Ra8 37. Nd8 Ra2+ 38. Kd3 Ra3+ 39. Kc2 Rxf3 40. Ne6+ Kf6
41. Ng5 Rf2+ 42. Kc3 Kg7 43. Ne6+ Kg8 44. Rd8+ Kh7 45. Ng5+ Kg7 46. Rd7 Rf1 47.
Rb7 Rc1+ 48. Kd3 Rd1+ 49. Ke2 Rd2+ 50. Ke1 Rb2 51. Rxf7+ Kg8 52. Rb7 Rxb4 53.
Nh7 Rb1+ 54. Ke2 Rb2+ 55. Ke1 Rb3 56. Nf6+ Kf8 57. Rd7 Rf3 58. Nh7+ Ke8 59. Rb7
Rf7 60. Rb8+ Ke7 61. Ng5 Rf6 62. Rxb5 Kd7 63. Rb7+ Kc8 64. Rg7 Nb2 65. Ke2 Na4
66. Nh7 Nc3+ 67. Kd3 Rf3+ 68. Kc4 Nxe4 69. Rxg6 Rxg3 70. Re6 Rg4 71. Kb5 Kc7 72.
Nf8 Nc3+ 73. Ka5 Ra4# 0-1

[Event "Titled Tue 24th Jun Late"]
[Site "chess.com INT"]
[Date "2025.06.24"]
[Round "4"]
[White "Duarte Cramer, Lily Jeanette"]
[Black "Martinez Alcantara, Jose Eduardo"]
[Result "0-1"]
[WhiteTitle "WCM"]
[BlackTitle "GM"]
[WhiteElo "1828"]
[BlackElo "2611"]
[WhiteFideId "29620180"]
[BlackFideId "3805662"]
[EventDate "2025.06.24"]

1. d4 a5 2. c4 e6 3. Nc3 d5 4. cxd5 exd5 5. Nf3 c6 6. Bf4 Bd6 7. Bxd6 Qxd6 8. e3
Nf6 9. Bd3 Bg4 10. h3 Bxf3 11. Qxf3 Nbd7 12. O-O O-O 13. Ne2 Rfe8 14. Nf4 g6 15.
Rac1 Qe7 16. Rc3 Nb6 17. Rb3 Nc8 18. Rc1 Nd6 19. Ne2 Nfe4 20. Bxe4 Nxe4 21. Rc2
a4 22. Rd3 Nd6 23. Rd1 f6 24. Nc3 Kg7 25. Qg3 h5 26. Qf3 h4 27. Rdc1 Qe6 28. Qg4
Qxg4 29. hxg4 g5 30. Ne2 Kg6 31. Rc3 Ra6 32. f3 Rb6 33. b3 axb3 34. axb3 Ra6 35.
Kf2 Ra2 36. R3c2 Ra3 37. Rb2 f5 38. gxf5+ Nxf5 39. Rc3 Nd6 40. Rbc2 Ra1 41. Rc1
Ra2 42. R1c2 Ra6 43. Rc1 Rf8 44. Kg1 Ra2 45. R1c2 Ra3 46. f4 g4 47. Rb2 Re8 48.
Rd3 Ra1+ 49. Kh2 Ne4 50. g3 h3 51. Nc3 Nd6 52. Rb1 Rxb1 53. Nxb1 Nf5 54. Nc3
Nxe3 55. Kg1 Nf5 56. Nd1 Re1+ 57. Kh2 Re2+ 58. Kg1 Rg2+ 59. Kh1 Nxg3+ 60. Rxg3
Rxg3 61. Nf2 Kf5 62. b4 Rg2 63. b5 Rxf2 64. bxc6 bxc6 65. Kg1 g3 66. Kh1 Kxf4
67. Kg1 Ke4 68. Kh1 Kxd4 69. Kg1 Ke4 70. Kh1 d4 71. Kg1 d3 72. Kh1 d2 73. Kg1 c5
74. Kh1 c4 75. Kg1 c3 76. Kh1 c2 77. Kg1 Ke3 78. Kh1 Kd3 79. Kg1 Kc3 80. Kh1 Kb2
81. Kg1 Ka2 82. Kh1 c1=N 83. Kg1 d1=N 84. Kh1 Nc3 85. Kg1 Nd3 86. Kh1 Nf4 87.
Kg1 Ncd5 88. Kh1 Nf6 89. Kg1 Ng4 90. Kh1 Ne5 91. Kg1 Nf3+ 92. Kh1 g2# 0-1

[Event "Titled Tue 24th Jun Late"]
[Site "chess.com INT"]
[Date "2025.06.24"]
[Round "4"]
[White "Rajaram, Rohan"]
[Black "Kramnik, Vladimir"]
[Result "1-0"]
[WhiteTitle "CM"]
[BlackTitle "GM"]
[WhiteElo "2164"]
[BlackElo "2753"]
[WhiteFideId "30940729"]
[BlackFideId "4101588"]
[EventDate "2025.06.24"]

1. Nf3 Nf6 2. g3 b5 3. Bg2 Bb7 4. b3 g6 5. O-O Bg7 6. Bb2 d6 7. d3 O-O 8. Nbd2
c5 9. c4 a6 10. Qc2 Nc6 11. a3 Rc8 12. Rfe1 e5 13. Ng5 Qe7 14. e3 h6 15. Nge4
Nxe4 16. Nxe4 f5 17. cxb5 axb5 18. Nc3 b4 19. Nd5 Qf7 20. Nb6 Kh7 21. Nxc8 Rxc8
22. Qc4 Qe7 23. axb4 Nxb4 24. Ra7 Rc7 25. Bxb7 Rxb7 26. Rxb7 Qxb7 27. Ra1 d5 28.
Qc3 Qb5 29. Ra7 Nxd3 30. Ra5 Qb6 31. Qxd3 Qxa5 32. Qxd5 Qc7 33. Qc4 Qe7 34. Qd5
e4 35. Bxg7 Kxg7 36. Qc4 Qd6 37. Kg2 h5 38. h4 Kf6 39. Qg8 Ke7 40. Qc8 Kf7 41.
Qh8 Ke6 42. Qg8+ Kd7 43. Qa8 Qb6 44. Qd5+ Kc7 45. Qf7+ Kb8 46. Qe8+ Kb7 47. Qf7+
Ka6 48. Qd5 Ka5 49. Qd2+ Qb4 50. Qa2+ Kb5 51. Qc2 Kb6 52. Qd1 Kc6 53. Qc2 Qb5
54. Qa2 Kb7 55. Qc2 Kb6 56. Qa2 Qc6 57. Qd2 Kb5 58. Qc3 Qd5 59. Qh8 Qxb3 60.
Qb8+ Ka4 61. Qa7+ Kb4 62. Qb6+ Kc4 63. Qe6+ Kc3 64. Qxg6 Qd1 65. Qxf5 Qf3+ 66.
Qxf3 exf3+ 67. Kxf3 c4 68. e4 Kd4 69. Ke2 c3 70. f3 Kc4 71. Kd1 Kd3 72. e5 Ke3
73. e6 Kxf3 74. e7 Kxg3 75. e8=Q Kh3 76. Qe4 Kg3 77. Kc2 1-0